| 000 | 01359nam a22004217a 4500 | ||
|---|---|---|---|
| 001 | BR2025001212 | ||
| 003 | BR-BrBNA | ||
| 005 | 20250530115721.0 | ||
| 008 | 250530b bl.||||| |||| 00| 0 por d | ||
| 040 |
_aBR-BrBNA _bpor |
||
| 041 | _apor | ||
| 072 | _aT01 ; E21 ; Q70 ; P40 ; C10 ; P06 ; P01 | ||
| 090 | _aT01 BR2025001212 | ||
| 110 | _aMinistério da Ciência e Tecnologia, Brasília, DF (Brasil). Coordenação-Geral de Mudanças Globais de Clima | ||
| 245 | _aComunicação nacional inicial do Brasil à Convenção-Quadro das Nações Unidas sobre mudança do clima | ||
| 260 |
_aBrasília, DF (Brasil) _c2004 |
||
| 300 |
_a276 p. _bil.; 1 cd-rom |
||
| 500 | _aIncludes several bibliographies; Summary (Pt); 87 illus.; 148 tables | ||
| 650 | _aGASES EFEITO ESTUFA | ||
| 650 | _aMUDANÇA CLIMÁTICA | ||
| 650 | _aAQUECIMENTO GLOBAL | ||
| 650 | _aPOLUIÇÃO AMBIENTAL | ||
| 650 | _aINDUSTRIALIZAÇÃO | ||
| 650 | _aSOLVENTE | ||
| 650 | _aPRODUÇÃO AGROPECUÁRIA | ||
| 650 | _aUSO DA TERRA | ||
| 650 | _aFLORESTA | ||
| 650 | _aRESÍDUO SÓLIDO | ||
| 650 | _aTRATAMENTO | ||
| 650 | _aPESQUISA | ||
| 650 | _aEDUCAÇÃO AMBIENTAL | ||
| 650 | _aTREINAMENTO | ||
| 650 | _aIMPACTO AMBIENTAL | ||
| 650 | _aENERGIA RENOVÁVEL | ||
| 650 | _aDESENVOLVIMENTO SUSTENTÁVEL | ||
| 909 |
_a202505 _bFernando |
||
| 942 | _cAM | ||
| 999 |
_c331815 _d331815 |
||